| 000 | 01185cam a22003014a 4500 | ||
|---|---|---|---|
| 001 | 13616892 | ||
| 005 | 20221011105035.0 | ||
| 008 | 040607s2005 nyua b 001 0 eng | ||
| 010 | _a 2004013353 | ||
| 020 | _a0814408516 | ||
| 040 |
_aDLC _cDLC _dDLC |
||
| 042 | _apcc | ||
| 050 | 0 | 0 |
_aHF5549.5.T8 _bB7 2005 |
| 082 | 0 | 0 |
_a658.314 _bBRA |
| 100 | 1 |
_aBranham, Leigh. _999795 |
|
| 245 | 1 | 4 |
_aThe 7 hidden reasons employees leave : _bhow to recognize the subtle signs and act before it's too late / _cLeigh Branham. |
| 246 | 3 | _aSeven hidden reasons employees leave | |
| 260 |
_aNew York : _bAmerican Management Association, _cc2005. |
||
| 300 |
_axiii, 238 p. : _bill. ; _c24 cm. |
||
| 504 | _aIncludes bibliographical references and index. | ||
| 650 | 0 |
_aLabor turnover. _999796 |
|
| 650 | 0 |
_aEmployee retention. _912421 |
|
| 650 | 0 |
_aJob satisfaction. _910346 |
|
| 856 | 4 | 1 |
_3Table of contents _uhttp://www.loc.gov/catdir/toc/ecip0418/2004013353.html |
| 906 |
_a7 _bcbc _corignew _d1 _eecip _f20 _gy-gencatlg |
||
| 942 |
_2ddc _cBK |
||
| 999 |
_c591660 _d591660 |
||